<?xml version="1.0" encoding="UTF-8"?>
<marc:record xmlns:marc="http://www.loc.gov/MARC21/slim">
   <marc:leader>00000nam a2200000 a 4500</marc:leader>
   <marc:datafield ind1="1" ind2=" " tag="100">
      <marc:subfield code="a">Beckett, Simon</marc:subfield>
      <marc:subfield code="4">aut</marc:subfield>
      <marc:subfield code="e">Verfasser/-in</marc:subfield>
   </marc:datafield>
   <marc:datafield ind1="1" ind2=" " tag="100">
      <marc:subfield code="a">Hesse, Andree</marc:subfield>
      <marc:subfield code="4">trl</marc:subfield>
      <marc:subfield code="e">Übersetzer/-in</marc:subfield>
   </marc:datafield>
   <marc:datafield ind1=" " ind2=" " tag="653">
      <marc:subfield code="a">Analyse</marc:subfield>
   </marc:datafield>
   <marc:datafield ind1=" " ind2=" " tag="653">
      <marc:subfield code="a">Hexenjagd</marc:subfield>
   </marc:datafield>
   <marc:datafield ind1=" " ind2=" " tag="653">
      <marc:subfield code="a">Verwesung</marc:subfield>
   </marc:datafield>
   <marc:datafield ind1=" " ind2=" " tag="653">
      <marc:subfield code="a">Fremde</marc:subfield>
   </marc:datafield>
   <marc:datafield ind1=" " ind2=" " tag="653">
      <marc:subfield code="a">Folter</marc:subfield>
   </marc:datafield>
   <marc:datafield ind1=" " ind2=" " tag="653">
      <marc:subfield code="a">Sterben</marc:subfield>
   </marc:datafield>
   <marc:datafield ind1="0" ind2="0" tag="245">
      <marc:subfield code="a">Die Chemie des Todes</marc:subfield>
   </marc:datafield>
   <marc:datafield ind1="0" ind2="0" tag="245">
      <marc:subfield code="c">Simon Beckett</marc:subfield>
   </marc:datafield>
   <marc:datafield ind1=" " ind2="1" tag="264">
      <marc:subfield code="a">Hamburg</marc:subfield>
      <marc:subfield code="b">Rowohlt</marc:subfield>
      <marc:subfield code="c">2023</marc:subfield>
   </marc:datafield>
   <marc:datafield ind1=" " ind2=" " tag="250">
      <marc:subfield code="a">62</marc:subfield>
   </marc:datafield>
   <marc:datafield ind1="1" ind2=" " tag="520">
      <marc:subfield code="a">Sterben kann ewig dauern, aber der menschliche Körper beginnt kaum fünf Minuten nach dem Tod zu verwesen - und wird dann zu einem gigantischen Festschmaus für andere Organismen. Zuerst für Bakterien, dann für Insekten. Fliegen. Die Larven verlassen die Leiche in Reih und Glied, in einer Schlangenlinie, die sich immer nach Süden bewegt. Ein Anblick, der jeden dazu veranlassen würde, das Phänomen zu seinem Ursprungzurückzuverfolgen. Und so entdecken die Yates-Brüder, was von Sally Palmer übrig geblieben war. Die Tote war Schriftstellerin, eine Außenseiterin in Devonshire. Verdächtiger Nummer eins ist der schweigsame Fremde im Dorf, ein Dr. David Hunter. Doch es stellt sich heraus, dass er früher Englands berühmtester Rechtsmediziner war, und die Polizei bittet ihn um Unterstützung. Gerade als seine Analysen zeigen, dass die Ermordete vor ihrem Tod tagelang gefoltert wurde, verschwindet eine weitere junge Frau. Eine fieberhafte Suche beginnt. Gleichzeitig bricht im Dorf eine Hexenjagd los. Der Pfarrer, ein knöcherner Fanatiker, hetzt die Leute auf, und David ist Zielscheibe seiner Hasspredigten.</marc:subfield>
   </marc:datafield>
   <marc:datafield ind1=" " ind2=" " tag="020">
      <marc:subfield code="a">9783499241970</marc:subfield>
      <marc:subfield code="9">9783499241970</marc:subfield>
   </marc:datafield>
   <marc:datafield ind1=" " ind2=" " tag="020">
      <marc:subfield code="a">3499241978</marc:subfield>
      <marc:subfield code="9">3499241978</marc:subfield>
   </marc:datafield>
   <marc:datafield ind1=" " ind2=" " tag="500">
      <marc:subfield code="a">Ins Dt. übersetzt</marc:subfield>
   </marc:datafield>
   <marc:datafield ind1=" " ind2=" " tag="300">
      <marc:subfield code="a">429 S.</marc:subfield>
   </marc:datafield>
</marc:record>
